ბათუმის შოთა რუსთაველის სახელმწიფო უნივერსიტეტის ბიბლიოთეკა

საქართველოს ნაკრძალები (ბიბ.ჩანაწერი № 44602)

000 -LEADER
fixed length control field 00793nam a2200217Ia 4500
001 - CONTROL NUMBER
control field 11405
003 - CONTROL NUMBER IDENTIFIER
control field GE_BSU
008 - FIXED-LENGTH DATA ELEMENTS--GENERAL INFORMATION
fixed length control field 181216s||||||||xx |||||||||||||| ||und||
040 ## - CATALOGING SOURCE
Transcribing agency GE_BSU
080 ## - UNIVERSAL DECIMAL CLASSIFICATION NUMBER
Universal Decimal Classification number 502.17(479.22.751)
100 ## - MAIN ENTRY--PERSONAL NAME
Personal name მამისაიშვილი კირ.
245 ## - TITLE STATEMENT
Title საქართველოს ნაკრძალები
245 ## - TITLE STATEMENT
Statement of responsibility, etc. რედ: ვ. მათიკაშვილი, მხატვ. გ. ნადირაძე
260 ## - PUBLICATION, DISTRIBUTION, ETC.
Place of publication, distribution, etc. თბილისი.
260 ## - PUBLICATION, DISTRIBUTION, ETC.
Name of publisher, distributor, etc. მეცნიერება.
260 ## - PUBLICATION, DISTRIBUTION, ETC.
Date of publication, distribution, etc. 1967
300 ## - PHYSICAL DESCRIPTION
Extent 81გვ.21სმ.
300 ## - PHYSICAL DESCRIPTION
Accompanying material ილ. რეზიუმე რუსულ ენაზე გვ.68
653 ## - INDEX TERM--UNCONTROLLED
Uncontrolled term საქართველოს ნაკრძალები
942 ## - ADDED ENTRY ELEMENTS (KOHA)
Koha item type წიგნი
ეგზემპლარები
Withdrawn status Lost status Damaged status Not for loan Date acquired Barcode Date last seen Price effective from Koha item type
        2018-12-17 19656 2018-12-17 2018-12-17 წიგნი
        2018-12-17 19657 2018-12-17 2018-12-17 წიგნი
        2018-12-17 19659 2018-12-17 2018-12-17 წიგნი
        2018-12-17 19660 2018-12-17 2018-12-17 წიგნი
        2018-12-17 19661 2018-12-17 2018-12-17 წიგნი
        2018-12-17 19662 2018-12-17 2018-12-17 წიგნი
        2018-12-17 19663 2018-12-17 2018-12-17 წიგნი
        2018-12-17 19664 2018-12-17 2018-12-17 წიგნი
        2018-12-17 19665 2018-12-17 2018-12-17 წიგნი
        2018-12-17 19666 2018-12-17 2018-12-17 წიგნი
        2018-12-17 19667 2018-12-17 2018-12-17 წიგნი
        2018-12-17 19668 2018-12-17 2018-12-17 წიგნი
        2018-12-17 19669 2018-12-17 2018-12-17 წიგნი
        2018-12-17 19670 2018-12-17 2018-12-17 წიგნი